| 000 | 00577cam a2200145 a 4500 | ||
|---|---|---|---|
| 020 | _a044488906X (acidfree paper) | ||
| 082 | 0 | 0 |
_a627.8 _bGUP _cL-37, P-124 |
| 100 | 1 |
_aGupta, Harsh K., _944044 |
|
| 245 | 1 | 0 |
_aReservoir-induced earthquakes / _cHarsh K. Gupta. |
| 260 |
_aAmsterdam ; _aNew York : _bElsevier ; _aNew York, NY, U.S.A. : _bDistributors for the U.S. and Canada, Elsevier Science Pub. Co., _c1992. |
||
| 300 |
_axviii, 364 p. : _bill., maps ; _c25 cm. |
||
| 526 |
_a0 _b0 _c0 _d627_800000000000000_GUP |
||
| 650 | 0 |
_aReservoir-triggered seismicity. _944045 |
|
| 942 |
_2ddc _cBK |
||
| 999 |
_c547890 _d547890 |
||